Landvormen en Vlaggen op Dominostenen - Statistieken

Algemene statistieken
  • Deze quiz is 3.597 keer genomen
  • De gemiddelde score is 11 van 15
Antwoorden op de kaart
Antwoorden kleurgecodeerd door een groen-rode schaal op de quizkaart volgens % correct hieronder.
 
Antwoordstatistieken
Antwoord % Correct
92%
82%
79%
77%
76%
74%
73%
72%
69%
68%
67%
67%
66%
61%
47%
Geen overeenkomende quizzen gevonden
Scoreverdeling
Procent van Mensen met Elke Score
Percentiel versus Aantal Correcte Antwoorden
Uw Scoregeschiedenis
U heeft deze quiz nog niet genomen